000 00466cam a22001934a 4500
005 20250605164301.0
008 250528s ||||||||||||||||||||||||d
035 _a22083
020 _a9781844450756
040 _aGR-AtMCL
_bgre
_dGR-AtMCL
_eAACR2
245 1 _aCHILDHOOD AND YOUTH STUDIES
250 _a1
260 _bSage Publications,
_c2007
300 _a180
700 1 _aZwozdiak-Myers Paula
_97959
942 _cBK
999 _c7139
_d7139